书目信息 |
| 题名: |
唐璜
|
|
| 作者: | 拜伦 著 ;查良铮 译 | |
| 分册: | 上册 | |
| 出版信息: | 北京 人民文学出版社 1980 |
|
| 页数: | 496页 | |
| 开本: | 20cm | |
| 丛书名: | ||
| 单 册: | ||
| 中图分类: | I561.2 | |
| 科图分类: | ||
| 主题词: | 诗歌--英国--近代 | |
| 电子资源: | ||
| ISBN: | ||
| 000 | 00635nam0 2200241 45 | |
| 001 | 0178003687 | |
| 005 | 20060911110733.10 | |
| 010 | @dCNY3.05 | |
| 091 | @a10019.2931 | |
| 100 | @a19950721d1980 em y0chiy0121 ea | |
| 101 | 1 | @achi@ceng |
| 102 | @aCN@b110000 | |
| 102 | @aCN@b110000 | |
| 105 | @ay z 000gy | |
| 200 | 10 | @a唐璜@Atang huang@h上册@f(英)拜伦著@F(Ying)Bai Lun Zhu@g查良铮译 |
| 210 | @a北京@c人民文学出版社@d1980 | |
| 215 | @a496页@d20cm | |
| 606 | @a诗歌@y英国@z近代 | |
| 690 | @aI561.2@v3 | |
| 701 | 1 | @a拜伦@4著 |
| 702 | 0 | @a查良铮@Acha liang zheng@4译 |
| 801 | 0 | @aCN@bNLC@c20060911 |
| 905 | @dI561.2@e276:1 | |
| 唐璜.上册/(英)拜伦著/查良铮译.-北京:人民文学出版社,1980 |
| 496页;20cm |
| ISBN :CNY3.05 |
| ● |
| 相关链接 |
|
|
|
|
正题名:唐璜
索取号:I561.2/276:1
 
预约/预借
| 序号 | 登录号 | 条形码 | 馆藏地/架位号 | 状态 | 备注 |
| 1 | 0033013 | 202240271 | 密集书库/ [索取号:I561.2/276:1] | 在馆 | |
| 2 | 0475348 | 204753481 | 密集书库/ [索取号:I561.2/276:1] | 在馆 |